Barristerch kart : kashtakari samajatil aantarashtriya khyatichya sanshodhak doctorche aatmakathan (Record no. 826614)

MARC details
000 -LEADER
fixed length control field 00762nam a2200217Ia 4500
008 - FIXED-LENGTH DATA ELEMENTS--GENERAL INFORMATION
fixed length control field 101110s9999 xx 000 0 und d
041 ## - LANGUAGE CODE
Language code of text/sound track or separate title MARATHI
082 ## - DEWEY DECIMAL CLASSIFICATION NUMBER
Item number SR34113
Classification number 891.4692
100 ## - MAIN ENTRY--PERSONAL NAME
Personal name Bavaskar Himmatrao Saluba
245 ## - TITLE STATEMENT
Title Barristerch kart : kashtakari samajatil aantarashtriya khyatichya sanshodhak doctorche aatmakathan
260 ## - PUBLICATION, DISTRIBUTION, ETC. (IMPRINT)
Date of publication, distribution, etc 2008
Name of publisher, distributor, etc Majestick prakashan, Mumbai
300 ## - PHYSICAL DESCRIPTION
Extent 262
365 ## - TRADE PRICE
Price amount 200
520 ## - SUMMARY, ETC.
Summary, etc Marathi
546 ## - LANGUAGE NOTE
Language note MARATHI
630 ## - SUBJECT ADDED ENTRY--UNIFORM TITLE
Uniform title Barristerch kart : kashtakari samajatil aantarashtriya khyatichya sanshodhak doctorche aatmakathan
650 ## - SUBJECT ADDED ENTRY--TOPICAL TERM
Topical term or geographic name as entry element Marathi
655 ## - INDEX TERM--GENRE/FORM
Genre/form data or focus term Marathi
730 ## - ADDED ENTRY--UNIFORM TITLE
Uniform title Barristerch kart : kashtakari samajatil aantarashtriya khyatichya sanshodhak doctorche aatmakathan
942 ## - ADDED ENTRY ELEMENTS (KOHA)
Koha item type Book
Holdings
Withdrawn status Lost status Damaged status Not for loan Home library Current library Shelving location Date acquired Source of acquisition Cost, normal purchase price Shelving control number Total Checkouts Barcode Date last seen Price effective from Koha item type
        D. B. J. College, Chiplun D. B. J. College, Chiplun     Majestick book house, Mumbai, bill no. 334 dt.22/3/10 200.00     DBJSR34113 11/11/2010 11/11/2010 Book